[Event "HUN-chT2 Szechenyi 1718"]
[Site "Hungary"]
[Date "2017.12.17"]
[Round "4.7"]
[White "Gollei, Peter"]
[Black "Katona, Janos"]
[Result "1/2-1/2"]
[WhiteElo "1763"]
[BlackElo "1903"]
[PlyCount "32"]
[EventDate "2017.10.29"]
[EventType "team-tourn"]
[EventRounds "9"]
[EventCountry "HUN"]
[SourceTitle "EXT 2021"]
[Source "ChessBase"]
[SourceDate "2020.10.23"]
[SourceVersion "1"]
[SourceVersionDate "2020.10.23"]
[SourceQuality "1"]
[WhiteTeam "Veszprem Ezust Huszar"]
[BlackTeam "Sarvar"]
[WhiteTeamCountry "HUN"]
[BlackTeamCountry "HUN"]

1. e4 c6 2. d4 d5 3. Nc3 dxe4 4. Nxe4 Bf5 5. Ng3 Bg6 6. Nf3 Nd7 7. Bc4 e6 8. 0-0 Qc7 9. Re1 0-0-0 10. c3 Ngf6 11. b4 h5 12. a4 h4 13. Ne2 Bd6 14. h3 Be4 15. Ng5 Bh2+ 16. Kf1 Ne5 1/2-1/2

[Event "HUN-chT2 Szechenyi 1718"]
[Site "Hungary"]
[Date "2017.11.26"]
[Round "2.9"]
[White "Hajdu, Istvan1111"]
[Black "Katona, Janos"]
[Result "1/2-1/2"]
[WhiteElo "1832"]
[BlackElo "1903"]
[PlyCount "44"]
[EventDate "2017.10.29"]
[EventType "team-tourn"]
[EventRounds "9"]
[EventCountry "HUN"]
[SourceTitle "EXT 2021"]
[Source "ChessBase"]
[SourceDate "2020.10.23"]
[SourceVersion "1"]
[SourceVersionDate "2020.10.23"]
[SourceQuality "1"]
[WhiteTeam "Haladas Szombathely III"]
[BlackTeam "Sarvar"]
[WhiteTeamCountry "HUN"]
[BlackTeamCountry "HUN"]

1. e4 c6 2. d4 d5 3. Nc3 dxe4 4. Nxe4 Bf5 5. Ng3 Bg6 6. h4 h6 7. h5 Bh7 8. Nf3 Nd7 9. Bd3 Bxd3 10. Qxd3 Ngf6 11. Be3 Qc7 12. 0-0-0 0-0-0 13. Qb3 e6 14. Ne5 Nb6 15. Nd3 Nbd5 16. Ne2 Ng4 17. Rh3 Be7 18. Bd2 Rhg8 19. c4 Nb6 20. f3 Nf6 21. Ba5 c5 22. Bxb6 axb6 1/2-1/2

[Event "HUN-chT2 Szechenyi 1718"]
[Site "Hungary"]
[Date "2017.10.29"]
[Round "1.7"]
[White "Csaszar, Miklos"]
[Black "Katona, Janos"]
[Result "1/2-1/2"]
[WhiteElo "1806"]
[BlackElo "1903"]
[PlyCount "56"]
[EventDate "2017.10.29"]
[EventType "team-tourn"]
[EventRounds "9"]
[EventCountry "HUN"]
[SourceTitle "EXT 2021"]
[Source "ChessBase"]
[SourceDate "2020.10.23"]
[SourceVersion "1"]
[SourceVersionDate "2020.10.23"]
[SourceQuality "1"]
[WhiteTeam "Arboretum"]
[BlackTeam "Sarvar"]
[WhiteTeamCountry "HUN"]
[BlackTeamCountry "HUN"]

1. e4 c6 2. d4 d5 3. Nc3 dxe4 4. Nxe4 Bf5 5. Ng3 Bg6 6. Nf3 Nd7 7. h4 h6 8. h5 Bh7 9. Bd3 Bxd3 10. Qxd3 Ngf6 11. Bd2 e6 12. 0-0-0 Qc7 13. Kb1 0-0-0 14. c4 c5 15. Bc3 Bd6 16. Ne4 Nxe4 17. Qxe4 Nf6 18. Qe2 cxd4 19. Nxd4 a6 20. Nb3 Be7 21. Ba5 Rxd1+ 22. Rxd1 Qf4 23. Nd4 Bc5 24. Qd2 Qxd2 25. Rxd2 Ne4 26. Re2 Nf6 27. Nf3 Rf8 28. Bc3 Be7 1/2-1/2

[Event "HUN-chT2 Szechenyi 1617"]
[Site "Hungary"]
[Date "2017.02.26"]
[Round "9.8"]
[White "Papp, Gabor1111"]
[Black "Katona, Janos"]
[Result "1-0"]
[WhiteElo "1999"]
[BlackElo "1902"]
[PlyCount "49"]
[EventDate "2016.09.25"]
[EventType "team-tourn"]
[EventRounds "11"]
[EventCountry "HUN"]
[SourceTitle "EXT 2021"]
[Source "ChessBase"]
[SourceDate "2020.10.23"]
[SourceVersion "1"]
[SourceVersionDate "2020.10.23"]
[SourceQuality "1"]
[WhiteTeam "Gyor Szechenyi"]
[BlackTeam "Sarvar"]
[WhiteTeamCountry "HUN"]
[BlackTeamCountry "HUN"]

1. e4 c6 2. Nf3 d5 3. exd5 cxd5 4. d4 e6 5. Bd3 Nc6 6. 0-0 Nf6 7. Re1 Be7 8. c3 0-0 9. Nbd2 g6 10. Nf1 Qc7 11. Bg5 Re8 12. Qd2 a6 13. Bf4 Bd6 14. Bxd6 Qxd6 15. Ne5 Nd7 16. Ng4 b6 17. Nh6+ Kg7 18. Qg5 Bb7 19. Ng3 Kf8 20. f4 Qe7 21. Qg4 Nf6 22. Qh3 Ng8 23. f5 Qg5 24. Nxf7 Qf6 25. fxg6 1-0

[Event "HUN-chT2 Szechenyi 1516"]
[Site "Hungary"]
[Date "2015.11.29"]
[Round "5.7"]
[White "Margl, Roland"]
[Black "Katona, Janos"]
[Result "1-0"]
[WhiteElo "2109"]
[BlackElo "1902"]
[PlyCount "113"]
[EventDate "2015.09.13"]
[EventType "team-tourn"]
[EventRounds "11"]
[EventCountry "HUN"]
[SourceTitle "CBM 170 Extra"]
[Source "ChessBase"]
[SourceDate "2016.02.25"]
[SourceVersion "1"]
[SourceVersionDate "2016.02.25"]
[SourceQuality "1"]
[WhiteTeam "Ajka Banyasz"]
[BlackTeam "Sarvar"]
[WhiteTeamCountry "HUN"]
[BlackTeamCountry "HUN"]

1. Nf3 Nf6 2. c4 c6 3. Nc3 d5 4. d4 e6 5. g3 Bd6 6. Bg2 0-0 7. 0-0 Qe7 8. Qd3 Nbd7 9. Re1 dxc4 10. Qxc4 e5 11. dxe5 Nxe5 12. Nxe5 Bxe5 13. e4 Be6 14. Qe2 Qb4 15. Qc2 Rad8 16. Bd2 Bc4 17. Nd5 Qxb2 18. Qxc4 cxd5 19. exd5 Qxd2 20. Rxe5 Rc8 21. Re2 Rxc4 22. Rxd2 Rd8 23. d6 Ne4 24. Bxe4 Rxe4 25. Rc1 Kf8 26. Rc7 Ke8 27. Rxb7 Rd7 28. Rb8+ Rd8 29. d7+ Ke7 30. Rb7 a6 31. Ra7 Re6 32. Kf1 Rd6 33. Rxd6 Kxd6 34. Rxa6+ Kxd7 35. Ra3 Rb8 36. Rd3+ Ke7 37. Ke2 Rb2+ 38. Rd2 Rb1 39. Kd3 g6 40. Kc4 Ke6 41. a4 Ra1 42. Kb5 Rb1+ 43. Ka6 h5 44. a5 f5 45. f4 Rb3 46. Ka7 Rb5 47. a6 Ke7 48. Rd3 Rb2 49. h3 Rb4 50. Rd5 Rb3 51. g4 fxg4 52. hxg4 hxg4 53. Rg5 Kf6 54. Rxg4 Rb4 55. Rh4 Kf5 56. Rh8 Kxf4 57. Rh4+ 1-0

[Event "HUN-chT2 Szechenyi 1516"]
[Site "Hungary"]
[Date "2015.11.08"]
[Round "4.6"]
[White "Nemeth, Zsolt"]
[Black "Katona, Janos"]
[Result "0-1"]
[WhiteElo "2004"]
[BlackElo "1902"]
[PlyCount "82"]
[EventDate "2015.09.13"]
[EventType "team-tourn"]
[EventRounds "11"]
[EventCountry "HUN"]
[SourceTitle "CBM 170 Extra"]
[Source "ChessBase"]
[SourceDate "2016.02.25"]
[SourceVersion "1"]
[SourceVersionDate "2016.02.25"]
[SourceQuality "1"]
[WhiteTeam "Keszthely Spartacus"]
[BlackTeam "Sarvar"]
[WhiteTeamCountry "HUN"]
[BlackTeamCountry "HUN"]

1. e4 c6 2. d4 d5 3. e5 Bf5 4. Nf3 e6 5. Be2 c5 6. Be3 Qb6 7. Qc1 Nc6 8. c3 Rc8 9. dxc5 Bxc5 10. Bxc5 Qxc5 11. Nbd2 Nge7 12. Nb3 Qb6 13. Qg5 0-0 14. 0-0 h6 15. Qg3 a5 16. Bd1 a4 17. Nbd4 Qxb2 18. Bxa4 Qxc3 19. Bxc6 bxc6 20. Nxf5 Nxf5 21. Qf4 c5 22. Rfc1 Qb4 23. Qxb4 cxb4 24. g4 Ne7 25. Ne1 Rc4 26. Rxc4 dxc4 27. Rc1 Rc8 28. Rb1 Nd5 29. Nc2 Rb8 30. Kf1 b3 31. axb3 Rxb3 32. Rc1 Rc3 33. Ke2 Kh7 34. h4 Nb4 35. Kd2 Rd3+ 36. Ke1 Nxc2+ 37. Rxc2 Rd4 38. f3 h5 39. gxh5 Rxh4 40. Rc3 Kh6 41. Ke2 Kxh5 0-1

[Event "HUN-chT2 Szechenyi 1415"]
[Site "Hungary"]
[Date "2015.01.25"]
[Round "7.8"]
[White "Arany, Tamas"]
[Black "Katona, Janos"]
[Result "0-1"]
[WhiteElo "1840"]
[BlackElo "1951"]
[PlyCount "66"]
[EventDate "2014.09.07"]
[EventType "team-tourn"]
[EventRounds "11"]
[EventCountry "HUN"]
[SourceTitle "EXT 2016"]
[Source "ChessBase"]
[SourceDate "2015.10.08"]
[SourceVersion "1"]
[SourceVersionDate "2015.10.08"]
[SourceQuality "1"]
[WhiteTeam "Arboretum"]
[BlackTeam "Sarvar"]
[WhiteTeamCountry "HUN"]
[BlackTeamCountry "HUN"]

1. e4 c5 2. Nc3 Nc6 3. d3 g6 4. Be3 d6 5. f4 Bg7 6. Nf3 e6 7. Qd2 Nge7 8. 0-0-0 Nd4 9. Qf2 Nec6 10. g4 Qa5 11. Bxd4 cxd4 12. Ne2 e5 13. Kb1 Bxg4 14. f5 Rc8 15. c4 b5 16. Ng3 0-0 17. h3 Bxf3 18. Qxf3 bxc4 19. dxc4 Rb8 20. Rh2 Bh6 21. Rg2 Kh8 22. Qg4 Nb4 23. a3 Na6 24. Qh4 Qxa3 25. Qxh6 Qa4 26. Rd3 Nc5 27. Ra3 Qb4 28. f6 Rg8 29. Rxa7 Na4 30. Rxa4 Qxa4 31. h4 Ra8 32. h5 Qd1+ 33. Qc1 Ra1+ 0-1

[Event "HUN-chT2 Szechenyi 1314"]
[Site "Hungary"]
[Date "2013.10.19"]
[Round "3.8"]
[White "Nemeth, Zsolt"]
[Black "Katona, Janos"]
[Result "1/2-1/2"]
[WhiteElo "1979"]
[BlackElo "1967"]
[PlyCount "42"]
[EventDate "2013.09.08"]
[EventType "team-tourn"]
[EventRounds "11"]
[EventCountry "HUN"]
[SourceTitle "EXT 2016"]
[Source "ChessBase"]
[SourceDate "2015.10.08"]
[SourceVersion "1"]
[SourceVersionDate "2015.10.08"]
[SourceQuality "1"]
[WhiteTeam "Keszthely Spartacus"]
[BlackTeam "Sarvar"]
[WhiteTeamCountry "HUN"]
[BlackTeamCountry "HUN"]

1. e4 c5 2. Nf3 e6 3. c3 d5 4. e5 Nc6 5. d4 Qb6 6. a3 cxd4 7. cxd4 Nge7 8. b4 Ng6 9. Be3 Be7 10. Bd3 0-0 11. 0-0 Bd7 12. Nc3 a6 13. Rc1 Na7 14. g3 Rac8 15. h4 Rfd8 16. h5 Nf8 17. h6 g6 18. Qd2 Re8 19. Nh2 Bb5 20. Bxb5 axb5 21. Ng4 Nd7 1/2-1/2

[Event "HUN-chT2 Szechenyi 1213"]
[Site "Hungary"]
[Date "2013.04.07"]
[Round "10.7"]
[White "Katona, Janos"]
[Black "Olah, Jozsef"]
[Result "1/2-1/2"]
[WhiteElo "1981"]
[BlackElo "1984"]
[PlyCount "136"]
[EventDate "2012.09.16"]
[EventType "team-tourn"]
[EventRounds "11"]
[EventCountry "HUN"]
[SourceTitle "EXT 2014"]
[Source "ChessBase"]
[SourceDate "2013.11.20"]
[SourceVersion "1"]
[SourceVersionDate "2013.11.20"]
[SourceQuality "1"]
[WhiteTeam "Sarvar"]
[BlackTeam "Haladas III"]
[WhiteTeamCountry "HUN"]
[BlackTeamCountry "HUN"]

1. d4 d5 2. c4 c6 3. Nf3 Nf6 4. Nc3 dxc4 5. a4 Bf5 6. e3 e6 7. Bxc4 Bb4 8. 0-0 0-0 9. Qe2 Nbd7 10. e4 Bg4 11. e5 Nd5 12. Nxd5 cxd5 13. Bd3 f5 14. exf6 Qxf6 15. Qc2 h6 16. Be2 Rac8 17. Qd1 Nb6 18. Ne5 Bxe2 19. Qxe2 Nc4 20. Nd7 Qf5 21. Nxf8 Rxf8 22. b3 Bc3 23. Ra2 Nd6 24. Ba3 Rd8 25. Bxd6 Rxd6 26. Rd1 Rb6 27. g3 Rxb3 28. Kg2 Rb4 29. Qe3 Rc4 30. Rd3 Bb4 31. Re2 Rc6 32. h3 Kh7 33. f4 Ra6 34. g4 Qf7 35. Rf2 Rxa4 36. f5 exf5 37. gxf5 Ra6 38. Rb3 Rb6 39. Qd3 Qf6 40. Qb1 a5 41. Rg3 Kh8 42. Rg6 Qxd4 43. Rxb6 Qxb6 44. f6 Qe6 45. f7 Bf8 46. Qxb7 Qe4+ 47. Kf1 Qc4+ 48. Kg2 Kh7 49. Qa8 Qc5 50. Qe8 d4 51. Qe4+ Kh8 52. Rf5 Qc3 53. Rd5 Qd2+ 54. Kf3 Qd1+ 55. Kf4 Qf1+ 56. Qf3 g5+ 57. Kg4 Qxf3+ 58. Kxf3 Kg7 59. Rxa5 Kxf7 60. Rd5 Bg7 61. Kg4 Ke6 62. Ra5 d3 63. Kf3 d2 64. Ke2 Bc3 65. Ra3 Bb4 66. Ra4 Bc3 67. Rc4 Ba5 68. Ra4 Bc3 1/2-1/2

[Event "HUN-chT2 Szechenyi 1112"]
[Site "Hungary"]
[Date "2012.01.29"]
[Round "5.6"]
[White "Ruszin, Tibor"]
[Black "Katona, Janos"]
[Result "1-0"]
[WhiteElo "2086"]
[BlackElo "1989"]
[PlyCount "45"]
[EventDate "2011.09.25"]
[EventType "team-tourn"]
[EventRounds "11"]
[EventCountry "HUN"]
[SourceTitle "EXT 2013"]
[Source "ChessBase"]
[SourceDate "2012.11.22"]
[SourceVersion "1"]
[SourceVersionDate "2012.11.22"]
[SourceQuality "1"]
[WhiteTeam "Zala Volan"]
[BlackTeam "Sarvar"]
[WhiteTeamCountry "HUN"]
[BlackTeamCountry "HUN"]

1. e4 c5 2. Nf3 e6 3. d4 cxd4 4. Nxd4 a6 5. Nc3 Qc7 6. g3 b5 7. Bg2 Bb7 8. 0-0 Nf6 9. Re1 d6 10. a4 bxa4 11. Nd5 Bxd5 12. exd5 e5 13. c4 Be7 14. Qxa4+ Qd7 15. Nc6 0-0 16. Nxe5 Qc7 17. Nd3 Re8 18. Bf4 Nbd7 19. Rac1 Nh5 20. c5 Nxf4 21. Qxf4 Rac8 22. Bh3 Rcd8 23. cxd6 1-0

[Event "HUN-chT2 Szechenyi 1011"]
[Site "Hungary"]
[Date "2011.05.01"]
[Round "10.8"]
[White "Horvath, Lajos1111"]
[Black "Katona, Janos"]
[Result "0-1"]
[WhiteElo "1900"]
[BlackElo "1975"]
[PlyCount "70"]
[EventDate "2010.09.12"]
[EventType "team-tourn"]
[EventRounds "11"]
[EventCountry "HUN"]
[SourceTitle "EXT 2012"]
[Source "ChessBase"]
[SourceDate "2011.11.24"]
[SourceVersion "1"]
[SourceVersionDate "2011.11.24"]
[SourceQuality "1"]
[WhiteTeam "Spartacus"]
[BlackTeam "Sarvar"]
[WhiteTeamCountry "HUN"]
[BlackTeamCountry "HUN"]

1. c4 Nf6 2. Nc3 g6 3. Nf3 Bg7 4. d4 0-0 5. Bd2 d6 6. e3 c6 7. Be2 Nbd7 8. Rc1 e5 9. dxe5 dxe5 10. 0-0 Qc7 11. b4 e4 12. Nd4 Ne5 13. f4 exf3 14. Nxf3 Bf5 15. Nxe5 Qxe5 16. Bf3 Rad8 17. Qe1 Bh6 18. Nd1 Ne4 19. Bxe4 Bxe4 20. Qf2 f5 21. Bc3 Qe6 22. Bd4 Rxd4 23. exd4 Bxc1 24. Nc3 Bh6 25. Qe2 Bg7 26. Rd1 Qe7 27. a3 Re8 28. Qd2 Qh4 29. Ne2 Bh6 30. Qa2 Qg4 31. Nc3 Kh8 32. d5 Be3+ 33. Kh1 cxd5 34. cxd5 Bd4 35. h3 Qxh3# 0-1

[Event "HUN-chT2 Charousek 0809"]
[Site "Hungary"]
[Date "2009.02.08"]
[Round "7"]
[White "Katona, Janos"]
[Black "Ladanyi, Zsolt"]
[Result "1/2-1/2"]
[WhiteElo "1992"]
[BlackElo "2155"]
[PlyCount "68"]
[EventDate "2008.10.26"]
[EventType "team-tourn"]
[EventRounds "11"]
[EventCountry "HUN"]
[SourceTitle "EXT 2010"]
[Source "ChessBase"]
[SourceDate "2010.11.25"]
[SourceVersion "1"]
[SourceVersionDate "2010.11.25"]
[SourceQuality "1"]
[WhiteTeam "Sarvar"]
[BlackTeam "Aquaprofit II"]
[WhiteTeamCountry "HUN"]
[BlackTeamCountry "HUN"]

1. d4 Nf6 2. c4 e6 3. Nf3 b6 4. g3 Bb7 5. Bg2 c5 6. d5 exd5 7. Nh4 g6 8. cxd5 d6 9. Nc3 a6 10. a4 Bg7 11. 0-0 0-0 12. e4 Nbd7 13. f4 Qc7 14. Be3 Rfe8 15. h3 b5 16. axb5 axb5 17. Rxa8 Rxa8 18. Nxb5 Qb6 19. Nxd6 Qxd6 20. e5 Nxe5 21. fxe5 Qxe5 22. Bf4 Qxb2 23. d6 Ne4 24. Qb1 Bd4+ 25. Kh2 Bc6 26. Qxb2 Bxb2 27. Re1 f5 28. Nf3 Rd8 29. Ng5 c4 30. Nxe4 Bxe4 31. Bxe4 fxe4 32. Rxe4 c3 33. Rc4 Ba3 34. Rxc3 Bxd6 1/2-1/2

[Event "HUN-chT2 Szechenyi 0708"]
[Site "Hungary"]
[Date "2007.11.11"]
[Round "2"]
[White "Geroly, Jozsef"]
[Black "Katona, Janos"]
[Result "1/2-1/2"]
[WhiteElo "2048"]
[BlackElo "2045"]
[PlyCount "75"]
[EventDate "2007.10.14"]
[EventType "team"]
[EventRounds "11"]
[EventCountry "HUN"]
[SourceTitle "EXT 2009"]
[Source "ChessBase"]
[SourceDate "2008.11.26"]
[SourceVersion "1"]
[SourceVersionDate "2008.11.26"]
[SourceQuality "1"]
[WhiteTeam "Veszprem"]
[BlackTeam "Sarvar"]
[WhiteTeamCountry "HUN"]
[BlackTeamCountry "HUN"]

1. Nf3 Nf6 2. g3 g6 3. Bg2 Bg7 4. d4 d6 5. 0-0 0-0 6. c4 Nbd7 7. Nc3 c6 8. e4 e5 9. dxe5 Nxe5 10. Nxe5 dxe5 11. h3 Be6 12. b3 Qa5 13. Qc2 Rad8 14. Be3 Rd7 15. Rad1 Rfd8 16. Rxd7 Rxd7 17. Rd1 h6 18. Rxd7 Nxd7 19. Bd2 Qc7 20. Be3 b6 21. Qd2 Kh7 22. Ne2 Nf8 23. Nc1 Qd7 24. Qxd7 Bxd7 25. Nd3 Ne6 26. f4 f6 27. c5 b5 28. b4 Nc7 29. Bd2 Be6 30. a3 Bc4 31. Nb2 Bb3 32. Bc3 Ne6 33. f5 Nc7 34. g4 g5 35. Kf2 Bf8 36. Ke3 a5 37. Bf3 Na6 38. Kd2 1/2-1/2